« Retourner aux résultats de recherche
Trous blancs
| Auteur principal: | Carlo Rovelli |
|---|---|
| D'autres auteurs: | Matteo Smerlak |
| Support: | Livres |
| Langue: | Francais |
| Genre: |
Documentaire |
| Sujets: | |
| Étiquettes: |
Ajouter
Pas de Tags !
|
| LEADER | 00805nam0a2200205 450 | ||
|---|---|---|---|
| 001 | 16847994 | ||
| 010 | |a 978-2-08-041386-4 |b br. |d 19 | ||
| 100 | |a 20230516d2023 u u0frey01 ba | ||
| 101 | 1 | |a fre |c ita | |
| 102 | |a FR | ||
| 200 | 0 | |a Trous blancs |f Carlo Rovelli |g traduit de l'italien par Matteo Smerlak | |
| 207 | 1 | |a | |
| 215 | |a 1 vol. (173 p.) |c illustrations en noir et en couleur |d 21 x 14 cm | ||
| 300 | |a Index | ||
| 330 | |a Le physicien explore l'idée que les trous noirs finissent leur longue vie en se transformant en trous blancs, où le temps est renversé. | ||
| 700 | 0 | |a Rovelli |b Carlo |4 70 | |
| 702 | 0 | |a Smerlak |b Matteo |4 730 | |
| 900 | |a Documentaire | ||
| 901 | |a Accessible au prêt | ||
| 995 | |a Bibliothèque |c Bibliothèque |f 00156009422957 |h 00156009422957 |k 523.8 ROV |o p |q a |r az |e Bibliothèque | ||
